000 00661nam a2200253Ia 4500
003 OSt
005 20220925203949.0
006 a|||||r|||| 00| 0
007 ta
008 220923b |||||||| |||| 00| 0 eng d
037 _cGeneral Book
040 _aRTL
_cRTL
_beng
041 _2eng
_aeng
082 _aX651:76, N3
100 _aMarshall John F
245 0 _aSwaps market
250 _a2nd
260 _aFlorida
_bKolb
_c1993
300 _a285p.
_ccm.
650 _aStock Exchange
700 _a Kapner Kenneth R
_9267436
942 _hX651:76, N3
_cGB
_2CC
999 _c548214
_d548214